[Event "Wuerttemberg-ch KT"]
[Site "Illertissen"]
[Date "2012.08.30"]
[Round "6"]
[White "Sanna, Giuseppe"]
[Black "Jooss, Achim"]
[Result "1/2-1/2"]
[WhiteElo "1855"]
[BlackElo "1735"]
[PlyCount "104"]
[EventDate "2012.08.25"]
[EventType "swiss"]
[EventRounds "9"]
[EventCountry "GER"]
[SourceTitle "EXT 2017"]
[Source "ChessBase"]
[SourceDate "2016.10.25"]
[SourceVersion "1"]
[SourceVersionDate "2016.10.25"]
[SourceQuality "1"]

1. d4 Nf6 2. c4 g6 3. g3 Bg7 4. Bg2 d6 5. Nc3 0-0 6. e4 c5 7. Nge2 Nc6 8. 0-0 cxd4 9. Nxd4 Bg4 10. Nde2 Qb6 11. h3 Be6 12. Nd5 Qd8 13. Rb1 Qd7 14. Kh2 Ne5 15. b3 Rac8 16. Bb2 Nh5 17. Bd4 f5 18. Bxa7 Bxd5 19. cxd5 f4 20. Nd4 Rc3 21. Ne6 fxg3+ 22. fxg3 Rxf1 23. Qxf1 Nxg3 24. Qe1 Nf3+ 25. Bxf3 Rxf3 26. Kg2 Rf1 27. Qxf1 Nxf1 28. Rxf1 Qc8 29. Rf2 Bf6 30. Bd4 Bxd4 31. Nxd4 Kg7 32. Rc2 Qa8 33. Ne6+ Kf6 34. a4 Qa6 35. Rd2 b5 36. axb5 Qxb5 37. Nd4 Qb4 38. Rd1 g5 39. Rf1+ Kg6 40. Rd1 h5 41. Kf2 Qc3 42. Nf3 Qxb3 43. Rg1 Qc2+ 44. Ke3 Qc3+ 45. Ke2 Kf6 46. Rxg5 Qc2+ 47. Ke3 Qc1+ 48. Ke2 Qc2+ 49. Ke3 Qc1+ 50. Ke2 Qb2+ 51. Ke3 Qc1+ 52. Ke2 Qc2+ 1/2-1/2

[Event "Wuerttemberg-ch KT"]
[Site "Illertissen"]
[Date "2012.08.28"]
[Round "4"]
[White "Sanna, Giuseppe"]
[Black "Schluricke, Reinhard"]
[Result "1/2-1/2"]
[WhiteElo "1855"]
[BlackElo "1831"]
[PlyCount "88"]
[EventDate "2012.08.25"]
[EventType "swiss"]
[EventRounds "9"]
[EventCountry "GER"]
[SourceTitle "EXT 2017"]
[Source "ChessBase"]
[SourceDate "2016.10.25"]
[SourceVersion "1"]
[SourceVersionDate "2016.10.25"]
[SourceQuality "1"]

1. d4 c6 2. c4 d5 3. e3 Nf6 4. Nc3 a6 5. b3 Bf5 6. Bd3 Bxd3 7. Qxd3 e6 8. Nge2 Bd6 9. 0-0 0-0 10. e4 dxe4 11. Nxe4 Nxe4 12. Qxe4 Nd7 13. Bb2 Re8 14. f4 Qf6 15. Bc3 Qf5 16. Qf3 Nf6 17. Ng3 Qg4 18. Qxg4 Nxg4 19. Ne4 Bc7 20. h3 Ne3 21. Rf3 Nf5 22. g4 Nh4 23. Rf2 b6 24. Raf1 Rad8 25. b4 f5 26. Ng3 c5 27. Ne2 a5 28. dxc5 bxc5 29. b5 Rd3 30. Rb1 Bb6 31. Kh2 a4 32. Be5 Nf3+ 33. Rxf3 Rxf3 34. Nc3 Rxc3 35. Bxc3 Rd8 36. Re1 Kf7 37. Re2 fxg4 38. hxg4 Rd3 39. Be5 h6 40. Kg2 Bd8 41. Rb2 Bb6 42. Re2 a3 43. Rf2 Bd8 44. Rf3 Rd2+ 1/2-1/2

[Event "Wuerttemberg-ch KT"]
[Site "Illertissen"]
[Date "2012.08.25"]
[Round "1"]
[White "Hofer, Emilian"]
[Black "Sanna, Giuseppe"]
[Result "1-0"]
[WhiteElo "1969"]
[BlackElo "1855"]
[PlyCount "57"]
[EventDate "2012.08.25"]
[EventType "swiss"]
[EventRounds "9"]
[EventCountry "GER"]
[SourceTitle "EXT 2017"]
[Source "ChessBase"]
[SourceDate "2016.10.25"]
[SourceVersion "1"]
[SourceVersionDate "2016.10.25"]
[SourceQuality "1"]

1. e4 d6 2. d4 Nf6 3. Nc3 c6 4. f4 Qa5 5. Bd3 e5 6. Nf3 Bg4 7. dxe5 dxe5 8. 0-0 Bc5+ 9. Kh1 Nbd7 10. h3 Bxf3 11. Qxf3 0-0 12. f5 b5 13. g4 Rfd8 14. h4 Nf8 15. g5 Ne8 16. h5 Rd7 17. Qg4 Rad8 18. Bd2 Qb6 19. Rf3 a6 20. Raf1 Qc7 21. Rh3 f6 22. h6 Qd6 23. g6 hxg6 24. fxg6 Ne6 25. hxg7 N6xg7 26. Qh4 Kf8 27. Qh8+ Ke7 28. Bh6 Ke6 29. Qg8+ 1-0

[Event "Bad Wiessee Seniors op"]
[Site "Bad Wiessee"]
[Date "2012.04.28"]
[Round "8"]
[White "Schwenke, Norbert"]
[Black "Sanna, Giuseppe"]
[Result "0-1"]
[WhiteElo "1391"]
[BlackElo "1655"]
[PlyCount "67"]
[EventDate "2012.04.21"]
[EventType "swiss"]
[EventRounds "9"]
[EventCountry "GER"]
[SourceTitle "EXT 2015"]
[Source "ChessBase"]
[SourceDate "2014.11.20"]
[SourceVersion "1"]
[SourceVersionDate "2014.11.20"]
[SourceQuality "1"]

1. Nc3 d5 2. d4 Bf5 3. Bf4 a6 4. e3 e6 5. Nf3 h6 6. Be2 Nf6 7. h3 Nbd7 8. Bd3 Bxd3 9. Qxd3 c5 10. 0-0 Be7 11. b3 0-0 12. Rfe1 Rc8 13. a3 b5 14. e4 dxe4 15. Nxe4 Nd5 16. Bd6 Rc6 17. Bxe7 Qxe7 18. c4 bxc4 19. bxc4 N5b6 20. d5 exd5 21. cxd5 c4 22. Qd4 Rcc8 23. Ng3 Qc5 24. Nf5 Qxd4 25. N3xd4 Nxd5 26. Re4 N7f6 27. Ne7+ Nxe7 28. Rxe7 Rfd8 29. Ne2 c3 30. Rf1 Rd6 31. Re3 c2 32. Nc3 Rdc6 33. Na2 c1Q 34. Ree1 0-1

[Event "Bad Wiessee Seniors op"]
[Site "Bad Wiessee"]
[Date "2012.04.23"]
[Round "3"]
[White "Sanna, Giuseppe"]
[Black "Klein, Gereon"]
[Result "0-1"]
[WhiteElo "1655"]
[BlackElo "1839"]
[PlyCount "46"]
[EventDate "2012.04.21"]
[EventType "swiss"]
[EventRounds "9"]
[EventCountry "GER"]
[SourceTitle "EXT 2015"]
[Source "ChessBase"]
[SourceDate "2014.11.20"]
[SourceVersion "1"]
[SourceVersionDate "2014.11.20"]
[SourceQuality "1"]

1. d4 Nf6 2. c4 c5 3. d5 e6 4. Nc3 exd5 5. cxd5 d6 6. e4 g6 7. Nf3 Bg7 8. Bd3 0-0 9. 0-0 Re8 10. Re1 Na6 11. a3 Nc7 12. Rb1 a6 13. a4 b5 14. axb5 axb5 15. Nxb5 Nxb5 16. Bxb5 Rxe4 17. Rxe4 Nxe4 18. Qd3 Bf5 19. Qf1 Ng3 20. hxg3 Bxb1 21. Bg5 f6 22. Qxb1 fxg5 23. b3 Ra1 0-1

[Event "Bayern-ch Seniors 20th"]
[Site "Bergen"]
[Date "2008.06.15"]
[Round "9.32"]
[White "Sanna, Giuseppe"]
[Black "Oser, Thor"]
[Result "1/2-1/2"]
[WhiteElo "1577"]
[BlackElo "1632"]
[PlyCount "53"]
[EventDate "2008.06.07"]
[EventType "swiss"]
[EventRounds "9"]
[EventCountry "GER"]
[SourceTitle "EXT 2022"]
[Source "ChessBase"]
[SourceDate "2021.10.06"]
[SourceVersion "1"]
[SourceVersionDate "2021.10.06"]
[SourceQuality "1"]

1. e4 c5 2. c3 e6 3. d4 d5 4. e5 Nc6 5. Nf3 Bd7 6. Bd3 Qb6 7. Bc2 cxd4 8. cxd4 Nge7 9. 0-0 Nf5 10. Bxf5 exf5 11. Nc3 Be6 12. Na4 Qc7 13. Ng5 b6 14. Nxe6 fxe6 15. Be3 Qd7 16. Rc1 Be7 17. Nc3 0-0 18. Qa4 Qb7 19. Nxd5 b5 20. Nxe7+ Nxe7 21. Qb3 Nd5 22. Rc5 a6 23. Rfc1 Rfc8 24. a3 Rxc5 25. dxc5 Rc8 26. Qc2 Nxe3 27. fxe3 1/2-1/2

[Event "Bayern-ch Seniors 20th"]
[Site "Bergen"]
[Date "2008.06.12"]
[Round "6.31"]
[White "Sanna, Giuseppe"]
[Black "Borodulin, Vladimir"]
[Result "0-1"]
[WhiteElo "1577"]
[BlackElo "1714"]
[PlyCount "102"]
[EventDate "2008.06.07"]
[EventType "swiss"]
[EventRounds "9"]
[EventCountry "GER"]
[SourceTitle "EXT 2022"]
[Source "ChessBase"]
[SourceDate "2021.10.06"]
[SourceVersion "1"]
[SourceVersionDate "2021.10.06"]
[SourceQuality "1"]

1. e4 c5 2. c3 Nc6 3. d4 cxd4 4. cxd4 e6 5. Nf3 h6 6. Nc3 Bb4 7. Bd3 d5 8. e5 Nge7 9. 0-0 0-0 10. a3 Ba5 11. Be3 Bxc3 12. bxc3 a6 13. h3 b5 14. Nh2 Ng6 15. Qc2 Nce7 16. a4 Bd7 17. axb5 Bxb5 18. Bxb5 axb5 19. Qb3 Rxa1 20. Rxa1 Qb6 21. Nf3 Rb8 22. Bd2 Nc6 23. Qa3 Nge7 24. g3 Qd8 25. Ne1 Nc8 26. Qc5 Na5 27. Rb1 Nc4 28. Be3 Qa5 29. Qb4 Qa2 30. Qb3 Qe2 31. Qc2 Qh5 32. Kg2 Na3 33. Qb2 Nxb1 34. Qxb1 Qe2 35. Nd3 Ne7 36. Nf4 Qc4 37. Bd2 Ra8 38. Nd3 Qc6 39. Nb4 Qb7 40. Qd3 Nc6 41. Nxc6 Qxc6 42. Qb1 Qc4 43. Qc1 Qd3 44. Qb2 h5 45. h4 Qc4 46. Bg5 Ra2 47. Qc1 Qd3 48. Qf1 Qe4+ 49. Kh3 Rb2 50. Be7 Rb1 51. Qg2 Rh1+ 0-1

[Event "Bayern-ch Seniors 20th"]
[Site "Bergen"]
[Date "2008.06.07"]
[Round "1.19"]
[White "Beck, Gerhard"]
[Black "Sanna, Giuseppe"]
[Result "1-0"]
[WhiteElo "1892"]
[BlackElo "1577"]
[PlyCount "135"]
[EventDate "2008.06.07"]
[EventType "swiss"]
[EventRounds "9"]
[EventCountry "GER"]
[SourceTitle "EXT 2022"]
[Source "ChessBase"]
[SourceDate "2021.10.06"]
[SourceVersion "1"]
[SourceVersionDate "2021.10.06"]
[SourceQuality "1"]

1. Nf3 Nf6 2. d4 d6 3. c4 Bg4 4. Qb3 Qc8 5. h3 Bh5 6. Bf4 Nbd7 7. Nbd2 Bg6 8. e3 c6 9. Be2 Qc7 10. 0-0 e5 11. Bh2 Be7 12. Nh4 0-0 13. Nxg6 hxg6 14. Rac1 Rfe8 15. f4 Bf8 16. Bf3 e4 17. Be2 Qa5 18. Qc2 d5 19. a3 Rac8 20. g4 Bd6 21. g5 Nh7 22. Rf2 Nhf8 23. Bg4 Ne6 24. Qb3 Rb8 25. Rcf1 f5 26. gxf6 Nxf6 27. Rg2 g5 28. Bxe6+ Rxe6 29. c5 Bc7 30. fxg5 Bxh2+ 31. Rxh2 Nh5 32. Qd1 g6 33. Qg4 Rbe8 34. Rhf2 Qc7 35. Rf8+ Rxf8 36. Qxe6+ Kg7 37. Qg4 Qg3+ 38. Qxg3 Nxg3 39. Rxf8 Kxf8 40. Kf2 Nf5 41. Nf1 Ke7 42. Nh2 Ke6 43. b4 Nh4 44. Kg3 Nf5+ 45. Kf4 Nh4 46. Ng4 Ng2+ 47. Kg3 Ne1 48. a4 Nd3 49. b5 Kf7 50. Ne5+ Nxe5 51. dxe5 Ke6 52. bxc6 bxc6 53. Kf4 Kf7 54. a5 a6 55. h4 Ke6 56. h5 gxh5 57. g6 Ke7 58. Kg5 d4 59. e6 Kxe6 60. Kh6 dxe3 61. g7 Kd5 62. g8Q+ Kxc5 63. Kxh5 Kb4 64. Qa2 c5 65. Kg4 c4 66. Kf4 e2 67. Qxe2 Kxa5 68. Qxc4 1-0

[Event "Chiemgau Seniors Cup 3th"]
[Site "Bergen"]
[Date "2007.10.29"]
[Round "8"]
[White "Sanna, Giuseppe"]
[Black "Reimann, Guenther"]
[Result "0-1"]
[WhiteElo "1652"]
[BlackElo "1799"]
[PlyCount "54"]
[EventDate "2007.10.22"]
[EventType "swiss"]
[EventRounds "9"]
[EventCountry "GER"]
[SourceTitle "EXT 2008"]
[Source "ChessBase"]
[SourceDate "2007.11.25"]
[SourceVersion "1"]
[SourceVersionDate "2007.11.25"]
[SourceQuality "1"]

1. e4 e6 2. d4 d5 3. Nd2 Nf6 4. e5 Nfd7 5. Bd3 c5 6. c3 Nc6 7. Ne2 Qb6 8. Nf3 cxd4 9. cxd4 Bb4+ 10. Bd2 f5 11. exf6 Nxf6 12. 0-0 Bd6 13. Bf4 Bxf4 14. Nxf4 0-0 15. b3 Kh8 16. Ne2 Bd7 17. Rc1 Rae8 18. Bb1 e5 19. dxe5 Nxe5 20. Nxe5 Rxe5 21. Nc3 d4 22. Ne2 Ng4 23. Bd3 Qh6 24. h3 Rh5 25. Ng3 Rxh3 26. Rc7 Rh1+ 27. Nxh1 Qh2# 0-1

[Event "Chiemgau Seniors Cup 3th"]
[Site "Bergen"]
[Date "2007.10.27"]
[Round "6"]
[White "Bachl, Anton"]
[Black "Sanna, Giuseppe"]
[Result "0-1"]
[WhiteElo "1741"]
[BlackElo "1652"]
[PlyCount "148"]
[EventDate "2007.10.22"]
[EventType "swiss"]
[EventRounds "9"]
[EventCountry "GER"]
[SourceTitle "EXT 2008"]
[Source "ChessBase"]
[SourceDate "2007.11.25"]
[SourceVersion "1"]
[SourceVersionDate "2007.11.25"]
[SourceQuality "1"]

1. e4 e5 2. Nf3 Nc6 3. Bb5 a6 4. Ba4 Nf6 5. 0-0 Be7 6. Re1 b5 7. Bb3 d6 8. c3 Nb8 9. d4 Nbd7 10. Bg5 0-0 11. Nbd2 Bb7 12. h3 c5 13. d5 h6 14. Be3 Nh7 15. g4 Ng5 16. Kg2 Re8 17. c4 Nf8 18. Nh2 Ng6 19. Rf1 Nf4+ 20. Bxf4 exf4 21. f3 Bf6 22. Rb1 Nh7 23. Bc2 b4 24. a3 a5 25. axb4 axb4 26. Ba4 Re7 27. Re1 Bc8 28. Bc6 Raa7 29. Ra1 Bxb2 30. Rxa7 Rxa7 31. Qb3 Bc3 32. Nhf1 Bd7 33. Bxd7 Qxd7 34. Re2 Nf6 35. Nb1 Bd4 36. Ra2 Qb7 37. Nfd2 Qa8 38. Rxa7 Qxa7 39. Qc2 Nd7 40. Nb3 Be5 41. N1d2 Qa3 42. Nb1 Qb2 43. Qxb2 Bxb2 44. Kf2 Kf8 45. h4 Ke7 46. Ke2 Nb6 47. N1d2 g6 48. Na5 Nd7 49. Nc6+ Kf6 50. Nb3 Ne5 51. Nxe5 Kxe5 52. Kd3 f5 53. Na5 fxe4+ 54. fxe4 Kf6 55. Ke2 Ke7 56. Kf3 g5 57. hxg5 hxg5 58. Nb3 Bc3 59. Kf2 Kf6 60. Kf3 Bb2 61. Na5 Bc3 62. Ke2 Ke5 63. Kd3 f3 64. Ke3 f2 65. Kxf2 Kf4 66. Ke2 Kxg4 67. Nb7 Be5 68. Nd8 b3 69. Kd3 Kf3 70. Nf7 g4 71. Nh6 g3 72. Nf5 g2 73. Kd2 g1Q 74. Kd3 Qd1# 0-1

[Event "Chiemgau Seniors Cup 3th"]
[Site "Bergen"]
[Date "2007.10.24"]
[Round "3"]
[White "Sanna, Giuseppe"]
[Black "Roggenstein, Bruno"]
[Result "1/2-1/2"]
[WhiteElo "1652"]
[BlackElo "1761"]
[PlyCount "54"]
[EventDate "2007.10.22"]
[EventType "swiss"]
[EventRounds "9"]
[EventCountry "GER"]
[SourceTitle "EXT 2008"]
[Source "ChessBase"]
[SourceDate "2007.11.25"]
[SourceVersion "1"]
[SourceVersionDate "2007.11.25"]
[SourceQuality "1"]

1. e4 e6 2. d4 d5 3. Nd2 Nf6 4. e5 Nfd7 5. Bd3 c5 6. c3 Nc6 7. Ne2 Be7 8. Nf3 a6 9. 0-0 0-0 10. Re1 cxd4 11. cxd4 Bb4 12. Bd2 Nb6 13. Rc1 Bxd2 14. Qxd2 Bd7 15. Ng3 Qe7 16. a3 h6 17. Nf1 f5 18. exf6 Qxf6 19. Ne3 Qf4 20. Nf1 Qg4 21. h3 Qf4 22. Ne3 Rae8 23. Nf1 Nc8 24. Qxf4 Rxf4 25. Rcd1 Nd6 26. Ne5 Nxe5 27. Rxe5 Ref8 1/2-1/2

[Event "Chiemgau Seniors Cup 3th"]
[Site "Bergen"]
[Date "2007.10.23"]
[Round "2"]
[White "Ludwig, Egbert"]
[Black "Sanna, Giuseppe"]
[Result "0-1"]
[WhiteElo "1206"]
[BlackElo "1652"]
[PlyCount "58"]
[EventDate "2007.10.22"]
[EventType "swiss"]
[EventRounds "9"]
[EventCountry "GER"]
[SourceTitle "EXT 2008"]
[Source "ChessBase"]
[SourceDate "2007.11.25"]
[SourceVersion "1"]
[SourceVersionDate "2007.11.25"]
[SourceQuality "1"]

1. d4 d5 2. Nf3 Nf6 3. c4 e6 4. g3 Be7 5. Bg2 0-0 6. 0-0 b6 7. cxd5 exd5 8. Nc3 Bb7 9. Qc2 a6 10. Rd1 Nbd7 11. Bg5 h6 12. Bxf6 Nxf6 13. Rac1 c5 14. dxc5 bxc5 15. e3 Rc8 16. Qb3 Rb8 17. Na4 Bc6 18. Qc2 Rb4 19. b3 Bxa4 20. bxa4 Qa5 21. Rb1 Rxa4 22. Rb2 Rb4 23. Ne5 Rxb2 24. Qxb2 Qc7 25. Bxd5 Nxd5 26. Rxd5 Bf6 27. Rd7 Qxd7 28. Nxd7 Bxb2 29. Nxf8 Kxf8 0-1

[Event "Ulm/Neu Ulm-ch"]
[Site "Ulm/Neu Ulm"]
[Date "2006.11.17"]
[Round "5"]
[White "Sanna, Giuseppe"]
[Black "Zahn, Achim"]
[Result "1-0"]
[WhiteElo "1696"]
[BlackElo "1538"]
[PlyCount "121"]
[EventDate "2006.09.22"]
[EventType "swiss"]
[EventRounds "7"]
[EventCountry "GER"]
[SourceTitle "EXT 2011"]
[Source "ChessBase"]
[SourceDate "2010.11.26"]
[SourceVersion "1"]
[SourceVersionDate "2010.11.26"]
[SourceQuality "1"]

1. e4 e6 2. d4 d5 3. Nd2 Nf6 4. e5 Nfd7 5. c3 c5 6. Bd3 Nc6 7. Ne2 Qb6 8. Nf3 cxd4 9. cxd4 f6 10. exf6 Nxf6 11. 0-0 Bd6 12. Re1 0-0 13. Bf4 Bxf4 14. Nxf4 Re8 15. b3 Kh8 16. Bc2 Qc7 17. Nd3 Qb6 18. Nde5 Nxe5 19. Nxe5 Rf8 20. Rc1 Bd7 21. Qd3 Bb5 22. Qh3 Kg8 23. a4 Bc6 24. Qxe6+ Kh8 25. Nf7+ Rxf7 26. Qxf7 Qxd4 27. Qc7 Ng4 28. Qg3 Rf8 29. Re2 Bd7 30. Qd3 Qxd3 31. Bxd3 Bc6 32. h3 Nf6 33. Rce1 Ne4 34. Bxe4 dxe4 35. Rd2 Kg8 36. Red1 Be8 37. Rd4 Bg6 38. Rd8 Be8 39. R1d4 Bc6 40. Rxf8+ Kxf8 41. Kf1 Ke7 42. Ke2 Ke6 43. Ke3 Bd5 44. b4 Bc6 45. b5 Bd5 46. a5 Kd6 47. b6 axb6 48. axb6 Kc5 49. Rd2 Bc6 50. Rb2 Bb5 51. g4 Kxb6 52. Kxe4 Kc5 53. f4 Bc6+ 54. Ke5 b5 55. f5 Bd7 56. g5 h6 57. gxh6 gxh6 58. f6 Be8 59. Ke6 Kc4 60. f7 Bxf7+ 61. Kxf7 1-0

[Event "Ulm/Neu Ulm-ch"]
[Site "Ulm/Neu Ulm"]
[Date "2005.??.??"]
[Round "?"]
[White "Sanna, Giuseppe"]
[Black "Madeo, Giovanni"]
[Result "1/2-1/2"]
[WhiteElo "1606"]
[BlackElo "1855"]
[PlyCount "59"]
[EventDate "2005.11.26"]
[EventType "swiss"]
[EventRounds "7"]
[EventCountry "GER"]
[SourceTitle "EXT 2011"]
[Source "ChessBase"]
[SourceDate "2010.11.26"]
[SourceVersion "1"]
[SourceVersionDate "2010.11.26"]
[SourceQuality "1"]

1. e4 c6 2. Nc3 d5 3. Nf3 Bg4 4. h3 Bxf3 5. Qxf3 e6 6. Be2 d4 7. Nb1 Nd7 8. c3 Ne5 9. Qg3 Ng6 10. cxd4 Qxd4 11. Nc3 Bd6 12. Qd3 Qxd3 13. Bxd3 0-0-0 14. Bc2 Nf6 15. d4 Bf4 16. Ne2 Bxc1 17. Rxc1 Kb8 18. 0-0 Rd7 19. Rfd1 Rhd8 20. f3 Ne7 21. Bb3 Nc8 22. Kf2 Nb6 23. g4 Ne8 24. g5 Nc7 25. a4 Na6 26. a5 Nc8 27. h4 Nd6 28. h5 Nb5 29. g6 hxg6 30. hxg6 1/2-1/2

[Event "Ulm/Neu Ulm-ch"]
[Site "Ulm/Neu Ulm"]
[Date "2004.11.19"]
[Round "6"]
[White "Andritzke, Karl Heinz"]
[Black "Sanna, Giuseppe"]
[Result "1-0"]
[WhiteElo "1490"]
[BlackElo "1520"]
[PlyCount "79"]
[EventDate "2004.09.17"]
[EventType "swiss"]
[EventRounds "7"]
[EventCountry "GER"]
[SourceTitle "EXT 2011"]
[Source "ChessBase"]
[SourceDate "2010.11.26"]
[SourceVersion "1"]
[SourceVersionDate "2010.11.26"]
[SourceQuality "1"]

1. f4 d5 2. Nf3 Nf6 3. e3 g6 4. c3 Bg7 5. Be2 c5 6. 0-0 0-0 7. b3 Nc6 8. Bb5 Qb6 9. Bxc6 Qxc6 10. Ne5 Qc7 11. Bb2 b6 12. d3 Bb7 13. Nd2 Nd7 14. Nxd7 Qxd7 15. Nf3 b5 16. d4 c4 17. Ba3 cxb3 18. axb3 Rac8 19. Bc5 a6 20. b4 Rfe8 21. Ne5 Qc7 22. Rf3 f6 23. Nd3 e5 24. fxe5 fxe5 25. Rh3 exd4 26. exd4 Re4 27. Qf3 Rce8 28. Qf2 Re2 29. Qh4 h6 30. Rf3 Rc2 31. Raf1 Rce2 32. Rf7 Qb8 33. Ne5 Re4 34. Qg3 g5 35. Qh3 Qc8 36. Qh5 Re6 37. Rf8+ Bxf8 38. Rxf8+ Qxf8 39. Bxf8 Kxf8 40. Qf7# 1-0

[Event "Ulm/Neu Ulm-ch"]
[Site "Ulm/Neu Ulm"]
[Date "2004.10.15"]
[Round "3"]
[White "Kuehn, Bernd"]
[Black "Sanna, Giuseppe"]
[Result "1/2-1/2"]
[WhiteElo "1704"]
[BlackElo "1520"]
[PlyCount "106"]
[EventDate "2004.09.17"]
[EventType "swiss"]
[EventRounds "7"]
[EventCountry "GER"]
[SourceTitle "EXT 2011"]
[Source "ChessBase"]
[SourceDate "2010.11.26"]
[SourceVersion "1"]
[SourceVersionDate "2010.11.26"]
[SourceQuality "1"]

1. Nf3 d6 2. g3 Nf6 3. Bg2 e5 4. d3 Be7 5. e4 Bg4 6. Nbd2 Nbd7 7. 0-0 0-0 8. h3 Bxf3 9. Qxf3 c6 10. a4 d5 11. c3 Qc7 12. Re1 a5 13. Nf1 Rfe8 14. Ne3 Nb6 15. Ng4 Nbd7 16. Qf5 dxe4 17. dxe4 Bc5 18. Be3 Bxe3 19. Nxe3 Rad8 20. Red1 Qb6 21. Nc4 Qb3 22. Nxa5 Qxb2 23. Rab1 Qxc3 24. Nxb7 g6 25. Qg5 Rb8 26. Rbc1 Qb4 27. Nd6 Re6 28. Rxc6 Qxa4 29. Qc1 Kg7 30. h4 Rb1 31. Qxb1 Qxc6 32. Qd3 Nc5 33. Qd2 Nb3 34. Nf5+ Kg8 35. Qh6 Ne8 36. Qg5 Kf8 37. h5 Qc2 38. Ne3 Qe2 39. hxg6 hxg6 40. Qh6+ Kg8 41. Bf1 Qh5 42. Qxh5 gxh5 43. Rd8 Nd4 44. Nd5 Kg7 45. Bh3 Nf6 46. Bxe6 Nxe6 47. Rd6 Nxe4 48. Rd7 Nf6 49. Nxf6 Kxf6 50. Ra7 Nd4 51. Kg2 Kg6 52. f3 f6 53. Kf2 Kg5 1/2-1/2

[Event "Ulm/Neu Ulm-ch"]
[Site "Ulm/Neu Ulm"]
[Date "2004.09.17"]
[Round "1"]
[White "Sanna, Giuseppe"]
[Black "Heinrich, Klaus"]
[Result "1/2-1/2"]
[WhiteElo "1520"]
[BlackElo "1844"]
[PlyCount "40"]
[EventDate "2004.09.17"]
[EventType "swiss"]
[EventRounds "7"]
[EventCountry "GER"]
[SourceTitle "EXT 2011"]
[Source "ChessBase"]
[SourceDate "2010.11.26"]
[SourceVersion "1"]
[SourceVersionDate "2010.11.26"]
[SourceQuality "1"]

1. d4 d5 2. Nf3 e6 3. c4 c6 4. e3 f5 5. Be2 Nf6 6. Nc3 Bd6 7. b3 0-0 8. Bb2 Bd7 9. 0-0 Be8 10. a3 Bh5 11. Nd2 Bxe2 12. Qxe2 Nbd7 13. f3 Rc8 14. e4 dxe4 15. fxe4 fxe4 16. Ncxe4 Bb8 17. Nf3 Nxe4 18. Qxe4 Qe7 19. Rae1 Rce8 20. Re2 Qd6 1/2-1/2

[Event "Bad Woerishofen op 19th"]
[Site "Bad Woerishofen"]
[Date "2003.03.21"]
[Round "9"]
[White "Wallhof, Dieter"]
[Black "Sanna, Giuseppe"]
[Result "1/2-1/2"]
[WhiteElo "2079"]
[BlackElo "1647"]
[PlyCount "22"]
[EventDate "2003.03.13"]
[EventType "swiss"]
[EventRounds "9"]
[EventCountry "GER"]
[SourceTitle "CBM 093 Extra"]
[Source "ChessBase"]
[SourceDate "2003.05.09"]
[SourceVersion "1"]
[SourceVersionDate "2003.05.09"]
[SourceQuality "1"]

1. d4 d6 2. c4 Nd7 3. Nc3 Ngf6 4. e4 e5 5. d5 Be7 6. Bd3 Nc5 7. f3 a5 8. Be3 0-0 9. Nge2 b6 10. a4 Nxd3+ 11. Qxd3 Nd7 1/2-1/2

[Event "Bad Woerishofen op 19th"]
[Site "Bad Woerishofen"]
[Date "2003.03.15"]
[Round "3"]
[White "Sanna, Giuseppe"]
[Black "Weber, Ludwig"]
[Result "1-0"]
[WhiteElo "1647"]
[BlackElo "1460"]
[PlyCount "97"]
[EventDate "2003.03.13"]
[EventType "swiss"]
[EventRounds "9"]
[EventCountry "GER"]
[SourceTitle "CBM 093 Extra"]
[Source "ChessBase"]
[SourceDate "2003.05.09"]
[SourceVersion "1"]
[SourceVersionDate "2003.05.09"]
[SourceQuality "1"]

1. d4 Nf6 2. Nf3 e6 3. e3 d6 4. Bd3 Nbd7 5. 0-0 h6 6. b3 c6 7. Bb2 Qc7 8. Nbd2 Be7 9. e4 e5 10. Re1 Nh7 11. c4 b6 12. d5 c5 13. Rc1 g5 14. Nf1 Ndf8 15. Ng3 Ng6 16. Nf5 Nf6 17. Nd2 Bf8 18. Nf1 Bd7 19. N1e3 h5 20. Bc3 Nf4 21. Bb1 0-0-0 22. b4 Ne8 23. b5 Ng7 24. Bc2 Ng6 25. h3 Kb7 26. Ra1 Ne7 27. g4 Ng6 28. Ng2 Nf4 29. Nxf4 gxf4 30. Kg2 Nxf5 31. gxf5 Be7 32. Kh2 Bh4 33. Qe2 f6 34. Rg1 Be8 35. Rg2 Bf7 36. a4 Bg5 37. a5 h4 38. Rgg1 Bh5 39. f3 Rdg8 40. axb6 axb6 41. Ra6 Ra8 42. Bd3 Rxa6 43. bxa6+ Kxa6 44. Ra1+ Kb7 45. Qa2 Kc8 46. Qa8+ Qb8 47. Qc6+ Kd8 48. Ra8 Ke7 49. Rxb8 1-0

[Event "Bad Woerishofen op 19th"]
[Site "Bad Woerishofen"]
[Date "2003.03.13"]
[Round "1"]
[White "Sanna, Giuseppe"]
[Black "Otterstaetter, Stefan"]
[Result "0-1"]
[WhiteElo "1647"]
[BlackElo "2165"]
[PlyCount "64"]
[EventDate "2003.03.13"]
[EventType "swiss"]
[EventRounds "9"]
[EventCountry "GER"]
[SourceTitle "CBM 093 Extra"]
[Source "ChessBase"]
[SourceDate "2003.05.09"]
[SourceVersion "1"]
[SourceVersionDate "2003.05.09"]
[SourceQuality "1"]

1. d4 d5 2. Nf3 Nf6 3. e3 c6 4. Bd3 Bg4 5. Nbd2 Nbd7 6. 0-0 e5 7. Be2 e4 8. Ne5 Bxe2 9. Qxe2 Nxe5 10. dxe5 Nd7 11. f4 exf3 12. Nxf3 Bc5 13. e6 fxe6 14. Nd4 Qe7 15. Qh5+ g6 16. Qg4 Nf8 17. Bd2 e5 18. Rae1 Qd7 19. Qg5 Qe7 20. Qg4 h5 21. Rxf8+ Rxf8 22. Qxg6+ Qf7 23. Qg3 0-0-0 24. Nf3 Bd6 25. e4 dxe4 26. Rxe4 Bc5+ 27. Be3 Rd1+ 28. Kf2 Qd5 29. Qxe5 Rd2+ 30. Ke1 Bxe3 31. Rxe3 Qxe5 32. Rxe5 Rxg2 0-1

[Event "Bad Woerishofen op 17th"]
[Site "Bad Woerishofen"]
[Date "2001.??.??"]
[Round "7"]
[White "Dahmen, Juergen"]
[Black "Sanna, Giuseppe"]
[Result "1/2-1/2"]
[WhiteElo "1624"]
[BlackElo "1601"]
[PlyCount "90"]
[EventDate "2001.03.15"]
[EventType "swiss"]
[EventRounds "9"]
[EventCountry "GER"]
[SourceTitle "CBM 081 Extra"]
[Source "ChessBase"]
[SourceDate "2001.05.06"]
[SourceVersion "1"]
[SourceVersionDate "2001.05.06"]
[SourceQuality "1"]

1. c4 e6 2. Nc3 Nf6 3. e4 d6 4. d4 Nbd7 5. Bg5 Be7 6. Nf3 0-0 7. Bd3 h6 8. Be3 Ng4 9. Qd2 Nxe3 10. Qxe3 e5 11. d5 Nc5 12. Bc2 f5 13. b4 f4 14. Qd2 Nd7 15. 0-0-0 a5 16. b5 Nc5 17. a4 g5 18. Rdg1 g4 19. Ne1 Bg5 20. f3 h5 21. Kb2 h4 22. Qe2 g3 23. hxg3 fxg3 24. f4 Rxf4 25. Rf1 Bg4 26. Nf3 Qf6 27. Bd1 Rf8 28. Qc2 Qg6 29. Be2 Bxf3 30. Bxf3 R8f7 31. Qe2 Qf6 32. Qc2 Qd8 33. Ne2 Rxf3 34. Rxf3 Rxf3 35. gxf3 g2 36. Rh2 Qf6 37. Rxg2 h3 38. Rh2 Qxf3 39. Ng1 Qe3 40. Nxh3 Nxa4+ 41. Ka2 Nc3+ 42. Kb2 Na4+ 43. Ka2 Nc3+ 44. Kb2 Na4+ 45. Ka2 Nc3+ 1/2-1/2